000 00507nam a2200181Ia 4500
005 20250326142146.0
008 250326s9999 xx 000 0 und d
037 _aTextbook
040 _aFMSL
_beng
_cFMSL
041 _aeng
_2eng
084 _aXogB M5;1`
_qFMSL
100 _aThomas R L
_9284297
245 0 _aIntroductory econometrics : theory and applications
_cThomas R L
260 _aNY
_bNY, Longman
_c1985
300 _a384p
942 _cTB
_hXogB M5;1`
999 _c1293710
_d1293710